Indice de diagnóstico diferencial fundado en los principales síntomas / (Record no. 65342)

MARC details
000 -LEADER
campo de control de longitud fija 00687nam a2200205 i 4500
001 - NÚMERO DE CONTROL
campo de control 65342
003 - IDENTIFICADOR DE NÚMERO DE CONTROL
campo de control ES-MaACL
005 - FECHA Y HORA DE LA ÚLTIMA TRANSACCIÓN
campo de control 20230906165342.0
007 - CAMPO FIJO DE DESCRIPCIÓN FÍSICA--INFORMACIÓN GENERAL
campo de control de longitud fija t|
008 - DATOS DE LONGITUD FIJA--INFORMACIÓN GENERAL
campo de control de longitud fija 040112s1918 sp ||||1| spa d
100 1# - ENTRADA PRINCIPAL--NOMBRE DE PERSONA
Nombre de persona French, H.
9 (RLIN) 52504
245 10 - MENCIÓN DEL TÍTULO
Título Indice de diagnóstico diferencial fundado en los principales síntomas /
Mención de responsabilidad, etc. bajo la dirección de H. French ; traducida por Francisco Tous Biaggi.
260 ## - PUBLICACIÓN, DISTRIBUCIÓN, ETC.
Lugar de publicación, distribución, etc. [S.l. :
Nombre del editor, distribuidor, etc. s.n.,
Fecha de publicación, distribución, etc. 1918]
300 ## - DESCRIPCIÓN FÍSICA
Extensión 2 v., 36 lám. :
Otras características físicas il. ;
Dimensiones 25 cm.
490 1# - MENCIÓN DE SERIE
Mención de serie Guía del médico práctico
700 1# - ENTRADA AGREGADA--NOMBRE PERSONAL
Nombre de persona Tous Biaggi, Francisco.
9 (RLIN) 111157
830 0# - PUNTO DE ACCESO ADICIONAL DE SERIE-TÍTULO UNIFORME
Título uniforme Guía del médico práctico
9 (RLIN) 182962
852 ## - LOCALIZACIÓN
Ubicación ES-MaACL
Número de control de estantería B-11565-6
Holdings
Estatus retirado Estado de pérdida Estado de daño No para préstamo Biblioteca de origen Biblioteca actual Ubicación en estantería Fecha de adquisición Fuente de adquisición Total de préstamos Signatura topográfica completa Código de barras Visto por última vez Precio de reemplazo Tipo de ítem Koha
        Biblioteca del Ateneo de Madrid Biblioteca del Ateneo de Madrid Sala Pardo Bazán 17/01/2008     B-11565-6 1068458 23/02/2023 23/02/2023 Libro impreso